| 000 | 00525nam a2200205Ia 4500 | ||
|---|---|---|---|
| 003 | OSt | ||
| 005 | 20230608111826.0 | ||
| 008 | 210423s2006 xx 000 0 und d | ||
| 040 | _cAL | ||
| 041 | _aeng | ||
| 082 |
_a361.3 _223 _bDAVE |
||
| 100 |
_aDAVIES (Martin) _9122443 |
||
| 245 | _aEssential social workers | ||
| 260 |
_aUSA _bAshgate _c2006 |
||
| 365 |
_b1847 _cINR |
||
| 650 |
_aSocial Problems & Services _9122444 |
||
| 650 |
_aSocial Work _9122445 |
||
| 906 | _aEssential ; social ; workers | ||
| 942 |
_2ddc _cBK |
||
| 999 |
_c175252 _d175252 |
||